|
|
แสดงรายละเอียดบรรณานุกรม |
|
|
Brief Record
: Get Marc (ISO 2709)
: E-mail record
: |
| LEADER 00000nama 2200000uu 4500 | |||
| 001 181350 | |||
| 003 ULIBM | |||
| 008 040531s2528 th m m a000 0 tha d | |||
| 020 974-611-225-2 | |||
| 041 tha | |||
| 050 WY157.3 ส747อม 2528 ล.1 | |||
| 100 มหาวิทยาลัยสุโขทัยธรรมาธิราช สาขาวิชาวิทยาศาสตร์สุขภาพ | |||
| 245 เอกสารการสอนชุดวิชากรณีเลือกสรรการพยาบาลมารดา ทารกและการพยาบาลจิตเวช หน่วยที่1-5/สาขาวิชาวิทยาศษสตร์สุขภาพ มหาวิทยาลัยสุขโขทัยธรรมาธิราช 001 | |||
| 250 2 | |||
| 260 นนทบุรี มหาวิทยาลัย 2528 | |||
| 300 521 หน้า | |||
| 650 การพยาบาาลสูติศาสตร์ การพยาบาลทารกแรกเกิดการพยาบาลจิตเวชศาสตร์ชื่อเรื่อง | |||
| 998 1999-01-21 | |||
| คุณยังไม่ได้ล็อกอิน คุณสามารถมีกิจกรรมร่วมกับเว็บไซต์ได้ แต่ต้องล็อกอินก่อน :: |
|
| สถานะ | |||||||||
| 1. | หนังสือทั่วไป | WY157.3 ส747อม 2528 ล.1 2528 | On Shelf ขอยืม | ||||||
| [แสดง 1/1 รายการ] | |||||||||
| รายการใกล้เคียง ผู้แต่ง [มหาวิทยาลัยสุโขทัยธรรมาธิราช สาขาวิชาวิทยาศาสตร์สุขภาพ]
|
BibComment |
| คอมเมนท์ทรัพยากรรายการนี้ |
|
|